000 00575nab a2200145Ia 4500
003 ES-SlBCS
005 20210601145022.0
008 140529s1991 xxu||||| |||| 00| 0 spa d
041 _aspa
100 1 _aLópez Latorre, M. J.
_9307023
245 0 0 _aDesarrollo del programa de investigación en Historia de la Psicología realizado en la Facultad de Psicología de la Universidad de Valencia
_c M. J. López Latorre
650 0 4 _aHistoria de la Psicología
_9159384
773 0 _tRevista de Historia de la Psicologia
_gvol. 12, nº. 2, 1991, págs. 47-58
_wRev700
942 _cAR
999 _c718087
_d718087